[Event "Dubai Open 2025"]
[Date "2025.05.27"]
[White "Harshavardhan G B"]
[Black "Tin, Jingyao"]
[WhiteElo "2472"]
[BlackElo "2583"]
[Round "1.1.5"]
[Result "1-0"]

1. d4 {[%clk 1:30:39]} 1... Nf6 {[%clk 1:30:50]} 2. c4 {[%clk 1:30:51]} 2... e6
{[%clk 1:31:14]} 3. Nf3 {[%clk 1:30:29]} 3... d5 {[%clk 1:31:28]} 4. g3 {[%clk
1:30:45]} 4... Bb4+ {[%clk 1:30:51]} 5. Nbd2 {[%clk 1:31:01]} 5... O-O {[%clk
1:30:52]} 6. Bg2 {[%clk 1:31:25]} 6... b6 {[%clk 1:30:10]} 7. O-O {[%clk
1:31:47]} 7... Bb7 {[%clk 1:28:42]} 8. a3 {[%clk 1:32:10]} 8... Be7 {[%clk
1:22:21]} 9. cxd5 {[%clk 1:32:24]} 9... exd5 {[%clk 1:20:35]} 10. b4 {[%clk
1:32:41]} 10... a5 {[%clk 1:14:05]} 11. b5 {[%clk 1:33:01]} 11... c6 {[%clk
1:13:03]} 12. bxc6 {[%clk 1:30:21]} 12... Nxc6 {[%clk 1:13:11]} 13. Bb2 {[%clk
1:28:35]} 13... a4 {[%clk 1:06:25]} 14. Ne5 {[%clk 1:21:27]} 14... b5 {[%clk
1:03:34]} 15. Nxc6 {[%clk 1:14:55]} 15... Bxc6 {[%clk 1:03:56]} 16. Nf3 {[%clk
1:15:07]} 16... b4 {[%clk 0:59:27]} 17. Ne5 {[%clk 1:15:13]} 17... Bb5 {[%clk
0:58:51]} 18. axb4 {[%clk 1:15:35]} 18... Bxb4 {[%clk 0:59:00]} 19. Nd3 {[%clk
1:15:45]} 19... Ba5 {[%clk 0:54:01]} 20. Nc5 {[%clk 1:10:13]} 20... Re8 {[%clk
0:44:02]} 21. Bf3 {[%clk 1:09:25]} 21... Qe7 {[%clk 0:34:28]} 22. Nxa4 {[%clk
1:06:11]} 22... Ne4 {[%clk 0:26:04]} 23. Bc1 {[%clk 0:58:13]} 23... Bb4 {[%clk
0:18:53]} 24. Qb3 {[%clk 0:49:13]} 24... Bc4 {[%clk 0:11:01]} 25. Qc2 {[%clk
0:46:29]} 25... Nc3 {[%clk 0:09:16]} 26. Be3 {[%clk 0:46:27]} 26... Nxa4 {[%clk
0:05:44]} 27. Rxa4 {[%clk 0:46:51]} 27... Rac8 {[%clk 0:06:07]} 28. Qf5 {[%clk
0:42:35]} 28... g6 {[%clk 0:05:52]} 29. Qg5 {[%clk 0:42:21]} 29... Qxg5 {[%clk
0:05:19]} 30. Bxg5 {[%clk 0:42:45]} 30... Bc3 {[%clk 0:05:22]} 31. Be3 {[%clk
0:43:05]} 31... Rb8 {[%clk 0:05:31]} 32. Ra3 {[%clk 0:42:41]} 32... Bb2 {[%clk
0:05:03]} 33. Ra7 {[%clk 0:42:47]} 33... Rb5 {[%clk 0:03:54]} 34. g4 {[%clk
0:41:57]} 34... h6 {[%clk 0:03:40]} 35. h4 {[%clk 0:41:53]} 35... Kg7 {[%clk
0:03:21]} 36. g5 {[%clk 0:41:13]} 36... hxg5 {[%clk 0:03:42]} 37. hxg5 {[%clk
0:41:37]} 37... Bc3 {[%clk 0:03:20]} 38. Rc7 {[%clk 0:38:59]} 38... Rb2 {[%clk
0:02:32]} 39. Ra1 {[%clk 0:34:07]} 39... Rxe2 {[%clk 0:02:53]} 40. Bxe2 {[%clk
0:34:29]} 40... Bxa1 {[%clk 0:03:18]} 41. Bxc4 {[%clk 0:34:51]} 41... dxc4
{[%clk 0:03:46]} 42. Rxc4 {[%clk 0:35:11]} 42... Re7 {[%clk 0:02:34]} 43. Rc1
{[%clk 0:32:55]} 43... Bb2 {[%clk 0:02:58]} 44. Rb1 {[%clk 0:33:13]} 44... Bc3
{[%clk 0:02:21]} 45. Rb3 {[%clk 0:33:35]} 45... Ba5 {[%clk 0:02:48]} 46. d5
{[%clk 0:33:17]} 46... f5 {[%clk 0:01:43]} 47. Rb5 {[%clk 0:26:43]} 47... Bd8
{[%clk 0:02:08]} 48. Kg2 {[%clk 0:25:57]} 48... Kf7 {[%clk 0:02:34]} 49. Kf3
{[%clk 0:25:53]} 49... Rc7 {[%clk 0:02:46]} 50. Bf4 {[%clk 0:24:39]} 50... Rc3+
{[%clk 0:02:17]} 51. Ke2 {[%clk 0:24:45]} 51... Rc4 {[%clk 0:02:44]} 52. Bd2
{[%clk 0:24:29]} 52... f4 {[%clk 0:00:50]} 53. Kd3 {[%clk 0:23:55]} 53... Ra4
{[%clk 0:01:20]} 54. Rb7+ {[%clk 0:24:01]} 54... Ke8 {[%clk 0:01:49]} 55. Rg7
{[%clk 0:23:03]} 55... Bxg5 {[%clk 0:02:15]} 56. Rxg6 {[%clk 0:23:27]} 56... Bh4
{[%clk 0:02:44]} 57. f3 {[%clk 0:23:45]} 57... Kd7 {[%clk 0:03:00]} 58. Bc3
{[%clk 0:23:43]} 58... Ra3 {[%clk 0:02:58]} 59. Rc6 {[%clk 0:23:09]} 59... Bd8
{[%clk 0:01:02]} 60. Ke4 {[%clk 0:21:31]} 60... Bc7 {[%clk 0:01:29]} 61. Rc4
{[%clk 0:21:53]} 61... Bd6 {[%clk 0:01:30]} 62. Bd2 {[%clk 0:21:51]} 62... Ra1
{[%clk 0:00:32]} 63. Bxf4 {[%clk 0:21:57]} 63... Bxf4 {[%clk 0:00:42]} 64. Kxf4
{[%clk 0:22:21]} 64... Kd6 {[%clk 0:00:49]} 65. Rd4 {[%clk 0:22:33]} 65... Ra8
{[%clk 0:01:09]} 66. Rd3 {[%clk 0:22:43]} 66... Rf8+ {[%clk 0:01:28]} 67. Kg5
{[%clk 0:23:03]} 67... Rg8+ {[%clk 0:01:55]} 68. Kf6 {[%clk 0:23:17]} 68... Rf8+
{[%clk 0:02:00]} 69. Kg6 {[%clk 0:23:41]} 69... Rg8+ {[%clk 0:01:13]} 70. Kf7
{[%clk 0:24:01]} 70... Rg1 {[%clk 0:00:53]} 71. Kf6 {[%clk 0:24:23]} 71... Rg3
{[%clk 0:00:57]} 72. Kf5 {[%clk 0:24:47]} 72... Rh3 {[%clk 0:01:00]} 73. Kg4
{[%clk 0:25:07]} 73... Rh8 {[%clk 0:01:27]} 74. f4 {[%clk 0:25:21]} 74... Rg8+
{[%clk 0:01:55]} 75. Kf3 {[%clk 0:25:15]} 75... Rh8 {[%clk 0:01:05]} 76. Rd1
{[%clk 0:25:35]} 76... Rf8 {[%clk 0:00:59]} 77. Kg4 {[%clk 0:25:57]} 77... Rg8+
{[%clk 0:01:12]} 78. Kh5 {[%clk 0:26:21]} 78... Rf8 {[%clk 0:01:29]} 79. Kg5
{[%clk 0:26:45]} 79... Rg8+ {[%clk 0:01:57]} 80. Kh6 {[%clk 0:27:07]} 80... Ke7
{[%clk 0:00:43]} 81. Kh7 {[%clk 0:24:49]} 81... Kf7 {[%clk 0:00:31]} 82. d6
{[%clk 0:24:55]} 82... Rg2 {[%clk 0:00:32]} 83. Kh6 {[%clk 0:25:17]} 83... Kf6
{[%clk 0:00:40]} 84. Kh5 {[%clk 0:25:33]} 84... Kf5 {[%clk 0:00:40]} 85. Rd5+
{[%clk 0:25:53]} 85... Ke6 {[%clk 0:00:48]} 86. d7 {[%clk 0:26:13]} 86... Kxd5
{[%clk 0:00:07]} 1-0

[Variant "Standard"]
[Site "Europe Echecs"]

[Event "Dubai Open 2025"]
[Date "2025.05.28"]
[White "Aronyak Ghosh"]
[Black "Talibov, Shiroghlan"]
[WhiteElo "2510"]
[BlackElo "2414"]
[Round "2.2.12"]
[Result "1/2-1/2"]

1. Nf3 {[%clk 1:22:28]} 1... d5 {[%clk 1:30:40]} 2. g3 {[%clk 1:21:47]} 2... c6
{[%clk 1:31:01]} 3. Bg2 {[%clk 1:21:49]} 3... Bg4 {[%clk 1:31:25]} 4. h3 {[%clk
1:20:28]} 4... Bh5 {[%clk 1:31:49]} 5. d3 {[%clk 1:19:43]} 5... Nd7 {[%clk
1:32:07]} 6. O-O {[%clk 1:16:21]} 6... Ngf6 {[%clk 1:32:20]} 7. Bf4 {[%clk
1:12:37]} 7... h6 {[%clk 1:32:28]} 8. g4 {[%clk 1:10:48]} 8... Bg6 {[%clk
1:32:16]} 9. e3 {[%clk 1:09:14]} 9... e6 {[%clk 1:30:12]} 10. Bg3 {[%clk
1:06:17]} 10... Bc5 {[%clk 1:24:45]} 11. Qe2 {[%clk 1:00:23]} 11... Qb6 {[%clk
1:23:28]} 12. b3 {[%clk 0:50:37]} 12... a5 {[%clk 1:23:05]} 13. Nbd2 {[%clk
0:46:02]} 13... Qa6 {[%clk 1:20:50]} 14. Nh4 {[%clk 0:40:54]} 14... Bh7 {[%clk
1:19:13]} 15. f4 {[%clk 0:40:35]} 15... Ne4 {[%clk 1:03:29]} 16. Nxe4 {[%clk
0:36:36]} 16... dxe4 {[%clk 0:56:50]} 17. f5 {[%clk 0:35:16]} 17... Nf6 {[%clk
0:55:26]} 18. Rae1 {[%clk 0:30:22]} 18... Bb4 {[%clk 0:50:49]} 19. Rd1 {[%clk
0:23:40]} 19... Rd8 {[%clk 0:48:24]} 20. c4 {[%clk 0:20:35]} 20... exd3 {[%clk
0:45:49]} 21. Rxd3 {[%clk 0:20:54]} 21... O-O {[%clk 0:46:00]} 22. Rfd1 {[%clk
0:19:01]} 22... Rxd3 {[%clk 0:43:29]} 23. Rxd3 {[%clk 0:18:28]} 23... exf5
{[%clk 0:43:52]} 24. gxf5 {[%clk 0:18:26]} 24... Re8 {[%clk 0:43:47]} 25. e4
{[%clk 0:17:44]} 25... b5 {[%clk 0:43:00]} 26. Rd1 {[%clk 0:15:50]} 26... bxc4
{[%clk 0:42:29]} 27. Qxc4 {[%clk 0:15:37]} 27... Qb6+ {[%clk 0:40:47]} 28. Bf2
{[%clk 0:15:08]} 28... Qc7 {[%clk 0:41:02]} 29. Qd3 {[%clk 0:15:05]} 29... Nh5
{[%clk 0:37:18]} 30. Qf3 {[%clk 0:13:06]} 30... Nf4 {[%clk 0:36:51]} 1/2-1/2

[Variant "Standard"]
[Site "Europe Echecs"]

[Event "Dubai Open 2025"]
[Date "2025.05.28"]
[White "Dau Khuong Duy"]
[Black "Al Hosani, Omran"]
[WhiteElo "2445"]
[BlackElo "2316"]
[Round "2.2.38"]
[Result "1/2-1/2"]

1. e4 e5 {[%clk 1:24:08]} 2. Nf3 Nc6 {[%clk 1:24:29]} 3. Bb5 Nf6 {[%clk
1:24:51]} 4. O-O Nxe4 {[%clk 1:25:09]} 5. Re1 Nd6 {[%clk 1:25:30]} 6. Nxe5 Be7
{[%clk 1:25:48]} 7. Bf1 Nxe5 {[%clk 1:26:09]} 8. Rxe5 O-O {[%clk 1:26:31]} 9. d4
Bf6 {[%clk 1:26:52]} 10. Re1 Re8 {[%clk 1:27:15]} 11. Rxe8+ Nxe8 {[%clk
1:27:37]} 12. d5 d6 {[%clk 1:28:01]} 13. a4 a5 {[%clk 1:28:19]} 14. Nd2 Bg5
{[%clk 1:28:40]} 15. Nc4 Bxc1 {[%clk 1:28:18]} 16. Qxc1 Nf6 {[%clk 1:27:38]} 17.
Qd2 b6 {[%clk 1:26:48]} 18. Re1 Ba6 {[%clk 1:26:17]} 19. Na3 Bxf1 {[%clk
1:25:24]} 20. Kxf1 Qd7 {[%clk 1:25:40]} 21. Nb5 Re8 {[%clk 1:25:00]} 22. Rxe8+
Qxe8 {[%clk 1:25:15]} 23. Qd4 Qe7 {[%clk 1:23:37]} 24. Qc4 Ne8 {[%clk 1:19:39]}
25. h4 h5 {[%clk 1:19:55]} 26. Qe2 Kf8 {[%clk 1:11:26]} 27. g3 g6 {[%clk
1:11:22]} 28. c3 Qd7 {[%clk 1:11:10]} 29. Qf3 Kg7 {[%clk 1:07:31]} 30. Qf4 c6
{[%clk 0:54:26]} 31. Qd4+ Kf8 {[%clk 0:53:24]} 32. dxc6 Qxc6 {[%clk 0:50:19]}
33. Kg1 Qc5 {[%clk 0:41:04]} 34. Qd3 Qe5 {[%clk 0:40:47]} 35. Kg2 d5 {[%clk
0:39:10]} 36. Qd4 Qxd4 {[%clk 0:36:55]} 37. Nxd4 Nd6 {[%clk 0:35:44]} 38. Kf3
Ke7 {[%clk 0:35:52]} 39. Ke2 Ne4 {[%clk 0:35:56]} 40. f3 Nc5 {[%clk 0:35:18]}
41. b3 Kd6 {[%clk 0:34:41]} 42. Ke3 Ke5 {[%clk 0:35:02]} 1/2-1/2

[Variant "Standard"]
[Site "Europe Echecs"]

[Event "Dubai Open 2025"]
[Date "2025.05.29"]
[White "Al Hosani, Omran"]
[Black "Gupta, Abhijeet"]
[WhiteElo "2316"]
[BlackElo "2538"]
[Round "3.3.36"]
[Result "1/2-1/2"]

1. d4 {[%clk 1:18:53]} 1... Nf6 {[%clk 1:30:51]} 2. c4 {[%clk 1:19:15]} 2... e6
{[%clk 1:31:11]} 3. Nf3 {[%clk 1:19:37]} 3... d5 {[%clk 1:31:28]} 4. g3 {[%clk
1:19:57]} 4... Bb4+ {[%clk 1:31:12]} 5. Bd2 {[%clk 1:20:18]} 5... Be7 {[%clk
1:31:11]} 6. Bg2 {[%clk 1:20:34]} 6... O-O {[%clk 1:31:00]} 7. O-O {[%clk
1:20:48]} 7... Nbd7 {[%clk 1:31:19]} 8. Qc2 {[%clk 1:21:05]} 8... c6 {[%clk
1:31:44]} 9. Bf4 {[%clk 1:20:19]} 9... a5 {[%clk 1:31:50]} 10. Rd1 {[%clk
1:20:30]} 10... a4 {[%clk 1:32:07]} 11. a3 {[%clk 1:20:54]} 11... Ne4 {[%clk
1:31:31]} 12. Ne5 {[%clk 1:16:25]} 12... f5 {[%clk 1:27:14]} 13. Nc3 {[%clk
1:15:21]} 13... g5 {[%clk 1:23:25]} 14. Nxd7 {[%clk 1:15:28]} 14... Bxd7 {[%clk
1:23:51]} 15. Be5 {[%clk 1:15:46]} 15... Nxc3 {[%clk 1:19:09]} 16. Qxc3 {[%clk
1:15:06]} 16... Qa5 {[%clk 1:19:01]} 17. c5 {[%clk 1:11:26]} 17... b5 {[%clk
1:01:28]} 18. Qe3 {[%clk 1:08:28]} 18... Qd8 {[%clk 1:00:51]} 19. f4 {[%clk
1:07:41]} 19... Ra7 {[%clk 0:53:48]} 20. Rf1 {[%clk 1:04:04]} 20... Rb7 {[%clk
0:53:06]} 21. Qc3 {[%clk 1:02:33]} 21... Be8 {[%clk 0:51:47]} 22. Qb4 {[%clk
0:52:32]} 22... Ra7 {[%clk 0:51:25]} 23. Rfb1 {[%clk 0:51:48]} 23... Bf6 {[%clk
0:49:05]} 24. Bd6 {[%clk 0:43:42]} 24... Rff7 {[%clk 0:49:09]} 25. Rf1 {[%clk
0:42:19]} 25... h5 {[%clk 0:46:39]} 26. Qc3 {[%clk 0:39:50]} 26... Rg7 {[%clk
0:41:30]} 27. fxg5 {[%clk 0:38:44]} 27... Bxg5 {[%clk 0:37:37]} 28. Rf2 {[%clk
0:34:35]} 28... h4 {[%clk 0:34:43]} 29. Raf1 {[%clk 0:31:38]} 29... hxg3 {[%clk
0:30:57]} 30. hxg3 {[%clk 0:31:02]} 30... Raf7 {[%clk 0:30:41]} 31. Bf3 {[%clk
0:30:36]} 31... Rh7 {[%clk 0:30:48]} 32. Rg2 {[%clk 0:30:50]} 32... Qf6 {[%clk
0:28:33]} 33. Kf2 {[%clk 0:29:54]} 33... Rh3 {[%clk 0:28:31]} 34. Bf4 {[%clk
0:29:32]} 34... Rfh7 {[%clk 0:23:29]} 35. Qe3 {[%clk 0:29:38]} 35... Rg7 {[%clk
0:21:51]} 36. Rfg1 {[%clk 0:29:09]} 36... Bh5 {[%clk 0:20:42]} 37. Bxg5 {[%clk
0:27:28]} 37... Rxg5 {[%clk 0:21:01]} 38. Qf4 {[%clk 0:27:52]} 38... Bg4 {[%clk
0:21:05]} 39. Ke3 {[%clk 0:27:53]} 39... Rg7 {[%clk 0:21:03]} 40. Kd3 {[%clk
0:27:55]} 40... Kh7 {[%clk 0:19:51]} 41. Rf2 {[%clk 0:22:03]} 41... Qh6 {[%clk
0:14:15]} 42. Ke3 {[%clk 0:16:33]} 42... Bxf3 {[%clk 0:11:06]} 43. exf3 {[%clk
0:16:57]} 43... Kg8 {[%clk 0:08:18]} 44. Qxh6 {[%clk 0:17:08]} 44... Rxh6 {[%clk
0:08:46]} 45. Kf4 {[%clk 0:17:22]} 45... Kf7 {[%clk 0:09:13]} 46. Re2 {[%clk
0:16:52]} 46... Rh3 {[%clk 0:08:54]} 47. Reg2 {[%clk 0:15:23]} 47... Kf6 {[%clk
0:07:50]} 48. Re2 {[%clk 0:15:37]} 48... Ke7 {[%clk 0:04:38]} 49. Rge1 {[%clk
0:13:50]} 49... Rh6 {[%clk 0:04:37]} 50. Rg1 {[%clk 0:13:57]} 50... Rg8 {[%clk
0:04:37]} 51. Rgg2 {[%clk 0:13:06]} 51... Rgh8 {[%clk 0:04:33]} 52. Re1 {[%clk
0:11:52]} 52... Rh2 {[%clk 0:02:33]} 53. Rge2 {[%clk 0:11:19]} 53... R8h6 {[%clk
0:01:00]} 54. Kg5 {[%clk 0:11:10]} 54... Kf7 {[%clk 0:00:48]} 55. Kf4 {[%clk
0:11:20]} 55... R2h3 {[%clk 0:01:00]} 56. Rg1 {[%clk 0:10:32]} 56... Rg6 {[%clk
0:00:56]} 57. Reg2 {[%clk 0:10:31]} 57... Kf6 {[%clk 0:01:08]} 58. Re2 {[%clk
0:10:50]} 58... Ke7 {[%clk 0:01:21]} 59. Reg2 {[%clk 0:10:04]} 59... Kd7 {[%clk
0:01:36]} 60. Re1 {[%clk 0:10:24]} 60... Kc7 {[%clk 0:02:00]} 61. Ree2 {[%clk
0:09:48]} 61... Kb7 {[%clk 0:01:41]} 62. Rh2 {[%clk 0:08:54]} 62... Rgxg3 {[%clk
0:01:38]} 63. Rxh3 {[%clk 0:08:58]} 63... Rxh3 {[%clk 0:02:05]} 64. Rxe6 {[%clk
0:06:59]} 64... Rh2 {[%clk 0:02:32]} 65. Ke5 {[%clk 0:07:16]} 65... b4 {[%clk
0:01:53]} 66. Kd6 {[%clk 0:06:26]} 66... Rxb2 {[%clk 0:02:13]} 67. axb4 {[%clk
0:06:10]} 67... Rxb4 {[%clk 0:01:40]} 68. Re7+ {[%clk 0:06:20]} 68... Ka6 {[%clk
0:01:52]} 69. Kxc6 {[%clk 0:06:42]} 69... Rxd4 {[%clk 0:02:18]} 70. Re8 {[%clk
0:07:01]} 70... Ka5 {[%clk 0:02:24]} 71. Kd6 {[%clk 0:07:10]} 71... Rc4 {[%clk
0:01:30]} 72. Kxd5 {[%clk 0:07:12]} 72... Rc3 {[%clk 0:01:04]} 73. Ra8+ {[%clk
0:06:55]} 73... Kb5 {[%clk 0:01:18]} 74. Rb8+ {[%clk 0:07:16]} 74... Ka5 {[%clk
0:01:33]} 75. Ra8+ {[%clk 0:06:14]} 75... Kb5 {[%clk 0:02:02]} 76. Rb8+ {[%clk
0:06:34]} 76... Ka5 {[%clk 0:02:29]} 77. Ke5 {[%clk 0:05:51]} 1/2-1/2

[Variant "Standard"]
[Site "Europe Echecs"]

[Event "Dubai Open 2025"]
[Date "2025.05.30"]
[White "Sahib Singh"]
[Black "Siddharth, Jagadeesh"]
[WhiteElo "2407"]
[BlackElo "2461"]
[Round "4.4.25"]
[Result "1-0"]

1. e4 {[%clk 1:30:57]} 1... e5 {[%clk 1:24:36]} 2. Nf3 {[%clk 1:31:15]} 2... Nc6
{[%clk 1:24:57]} 3. Bb5 {[%clk 1:31:36]} 3... a6 {[%clk 1:25:21]} 4. Ba4 {[%clk
1:32:00]} 4... Nf6 {[%clk 1:25:43]} 5. O-O {[%clk 1:32:21]} 5... Be7 {[%clk
1:26:08]} 6. Re1 {[%clk 1:32:38]} 6... b5 {[%clk 1:26:27]} 7. Bb3 {[%clk
1:33:03]} 7... d6 {[%clk 1:26:53]} 8. c3 {[%clk 1:33:22]} 8... O-O {[%clk
1:27:14]} 9. h3 {[%clk 1:33:49]} 9... Nb8 {[%clk 1:27:38]} 10. d4 {[%clk
1:34:08]} 10... Nbd7 {[%clk 1:28:01]} 11. Nbd2 {[%clk 1:34:33]} 11... Bb7 {[%clk
1:28:25]} 12. Bc2 {[%clk 1:34:58]} 12... Re8 {[%clk 1:28:48]} 13. Nf1 {[%clk
1:34:43]} 13... Bf8 {[%clk 1:29:11]} 14. Ng3 {[%clk 1:35:08]} 14... a5 {[%clk
1:29:36]} 15. Bd3 {[%clk 1:25:36]} 15... b4 {[%clk 1:29:56]} 16. Bg5 {[%clk
1:24:24]} 16... h6 {[%clk 1:20:20]} 17. Bd2 {[%clk 1:24:23]} 17... exd4 {[%clk
1:19:50]} 18. cxd4 {[%clk 1:23:50]} 18... c5 {[%clk 1:20:14]} 19. Bf4 {[%clk
1:05:15]} 19... cxd4 {[%clk 1:13:36]} 20. Nxd4 {[%clk 1:05:36]} 20... g5 {[%clk
1:04:18]} 21. Be3 {[%clk 0:54:08]} 21... d5 {[%clk 1:04:06]} 22. Bb5 {[%clk
0:47:02]} 22... dxe4 {[%clk 1:02:51]} 23. h4 {[%clk 0:29:31]} 23... gxh4 {[%clk
0:36:01]} 24. Ngf5 {[%clk 0:29:18]} 24... Kh7 {[%clk 0:36:11]} 25. Qd2 {[%clk
0:25:36]} 25... Re5 {[%clk 0:35:11]} 26. Bxh6 {[%clk 0:21:16]} 26... e3 {[%clk
0:35:33]} 27. Rxe3 {[%clk 0:19:58]} 27... Bxh6 {[%clk 0:23:40]} 28. Nxh6 {[%clk
0:20:25]} 28... Ne4 {[%clk 0:24:03]} 29. Rxe4 {[%clk 0:15:17]} 29... Rxe4 {[%clk
0:20:33]} 30. Nxf7 {[%clk 0:15:14]} 30... Re3 {[%clk 0:20:58]} 1-0

[Variant "Standard"]
[Site "Europe Echecs"]

[Event "Dubai Open 2025"]
[Date "2025.05.30"]
[White "Indjic, Aleksandar"]
[Black "Piliposyan, Robert"]
[WhiteElo "2661"]
[BlackElo "2416"]
[Round "4.4.26"]
[Result "1-0"]

1. c4 {[%clk 1:30:25]} 1... e5 {[%clk 1:30:22]} 2. a3 {[%clk 1:30:44]} 2... Nf6
{[%clk 1:28:46]} 3. d3 {[%clk 1:30:28]} 3... d5 {[%clk 1:22:10]} 4. cxd5 {[%clk
1:30:07]} 4... Nxd5 {[%clk 1:22:33]} 5. Nf3 {[%clk 1:30:32]} 5... Nc6 {[%clk
1:21:53]} 6. e4 {[%clk 1:30:52]} 6... Nb6 {[%clk 1:21:37]} 7. Be2 {[%clk
1:31:14]} 7... Be7 {[%clk 1:17:17]} 8. O-O {[%clk 1:30:56]} 8... O-O {[%clk
1:11:02]} 9. Be3 {[%clk 1:29:00]} 9... Be6 {[%clk 1:04:30]} 10. Nbd2 {[%clk
1:29:07]} 10... a5 {[%clk 1:04:30]} 11. Rc1 {[%clk 1:29:07]} 11... f6 {[%clk
1:04:30]} 12. Nb3 {[%clk 1:29:07]} 12... a4 {[%clk 1:04:30]} 13. Nc5 {[%clk
1:29:07]} 13... Bxc5 {[%clk 1:04:30]} 14. Rxc5 {[%clk 1:29:07]} 14... Rf7 {[%clk
1:04:30]} 1-0

[Variant "Standard"]
[Site "Europe Echecs"]

[Event "Dubai Open 2025"]
[Date "2025.05.30"]
[White "Gupta, Abhijeet"]
[Black "Gaal, Zsoka"]
[WhiteElo "2538"]
[BlackElo "2391"]
[Round "4.4.37"]
[Result "1-0"]

1. d4 {[%clk 1:30:43]} 1... Nf6 {[%clk 1:30:50]} 2. c4 {[%clk 1:31:09]} 2... e6
{[%clk 1:31:14]} 3. Nc3 {[%clk 1:31:35]} 3... Bb4 {[%clk 1:31:38]} 4. Nf3 {[%clk
1:31:57]} 4... Bxc3+ {[%clk 1:26:01]} 5. bxc3 {[%clk 1:32:19]} 5... d6 {[%clk
1:26:19]} 6. Qc2 {[%clk 1:32:34]} 6... Nbd7 {[%clk 1:20:59]} 7. e4 {[%clk
1:32:26]} 7... c5 {[%clk 1:17:52]} 8. e5 {[%clk 1:28:10]} 8... dxe5 {[%clk
1:16:39]} 9. dxe5 {[%clk 1:28:36]} 9... Ng8 {[%clk 1:16:01]} 10. Bd3 {[%clk
1:28:55]} 10... Qc7 {[%clk 1:08:15]} 11. Bf4 {[%clk 1:29:09]} 11... Ne7 {[%clk
1:08:30]} 12. O-O {[%clk 1:29:00]} 12... b6 {[%clk 1:05:50]} 13. Be4 {[%clk
1:26:56]} 13... Bb7 {[%clk 1:02:49]} 14. Rad1 {[%clk 1:27:20]} 14... Bxe4 {[%clk
0:49:01]} 15. Qxe4 {[%clk 1:27:46]} 15... Qc6 {[%clk 0:49:24]} 16. Qe2 {[%clk
1:26:22]} 16... h6 {[%clk 0:43:09]} 17. Rd6 {[%clk 1:24:24]} 17... Qb7 {[%clk
0:42:52]} 18. Rfd1 {[%clk 1:22:57]} 18... O-O-O {[%clk 0:43:12]} 19. Nd2 {[%clk
1:18:23]} 19... g5 {[%clk 0:31:42]} 20. Bg3 {[%clk 1:17:20]} 20... Nf5 {[%clk
0:32:08]} 21. Ne4 {[%clk 1:17:41]} 21... Nb8 {[%clk 0:32:11]} 22. h3 {[%clk
1:04:37]} 22... Nc6 {[%clk 0:28:24]} 23. Rxd8+ {[%clk 0:53:13]} 23... Rxd8
{[%clk 0:28:27]} 24. Nd6+ {[%clk 0:51:57]} 24... Nxd6 {[%clk 0:28:50]} 25. exd6
{[%clk 0:52:24]} 25... Na5 {[%clk 0:23:08]} 26. Qh5 {[%clk 0:49:09]} 26... Qd7
{[%clk 0:21:29]} 27. Qxh6 {[%clk 0:47:20]} 27... Qa4 {[%clk 0:19:31]} 28. Rd3
{[%clk 0:41:01]} 28... Nxc4 {[%clk 0:09:16]} 29. Qxg5 {[%clk 0:40:31]} 29... Rd7
{[%clk 0:08:26]} 30. Kh2 {[%clk 0:37:04]} 30... Kb7 {[%clk 0:07:05]} 31. Qf4
{[%clk 0:37:02]} 31... Ka6 {[%clk 0:06:40]} 32. Qe4 {[%clk 0:36:25]} 32... Ka5
{[%clk 0:03:16]} 33. Qe2 {[%clk 0:35:21]} 33... Qb5 {[%clk 0:02:42]} 34. Rd1
{[%clk 0:35:28]} 34... Qa4 {[%clk 0:02:38]} 35. h4 {[%clk 0:34:17]} 35... e5
{[%clk 0:02:50]} 36. Rd5 {[%clk 0:29:38]} 36... f5 {[%clk 0:02:17]} 37. h5
{[%clk 0:26:48]} 37... f4 {[%clk 0:02:42]} 38. Bh4 {[%clk 0:27:16]} 38... Rxd6
{[%clk 0:02:11]} 39. Rxd6 {[%clk 0:27:18]} 39... Nxd6 {[%clk 0:02:37]} 40. Qxe5
{[%clk 0:26:19]} 40... f3 {[%clk 0:03:03]} 41. Bg3 {[%clk 0:26:14]} 41... Nf7
{[%clk 0:01:20]} 42. Qe7 {[%clk 0:25:17]} 42... Qc4 {[%clk 0:00:42]} 43. Qxa7+
{[%clk 0:25:39]} 43... Kb5 {[%clk 0:01:08]} 44. a4+ {[%clk 0:26:00]} 44... Kc6
{[%clk 0:01:30]} 45. Qc7+ {[%clk 0:26:16]} 45... Kd5 {[%clk 0:01:25]} 1-0

[Variant "Standard"]
[Site "Europe Echecs"]

[Event "Dubai Open 2025"]
[Date "2025.06.04"]
[White "Hayrapetyan, Hovik"]
[Black "Goutham Krishna H"]
[WhiteElo "2423"]
[BlackElo "2427"]
[Round "9.9.29"]
[Result "0-1"]

1. d4 {[%clk 1:30:57]} 1... Nf6 {[%clk 1:30:55]} 2. c4 {[%clk 1:31:21]} 2... g6
{[%clk 1:31:22]} 3. Nc3 {[%clk 1:31:42]} 3... Bg7 {[%clk 1:31:48]} 4. e4 {[%clk
1:31:38]} 4... d6 {[%clk 1:32:13]} 5. h3 {[%clk 1:32:02]} 5... O-O {[%clk
1:32:38]} 6. Be3 {[%clk 1:32:27]} 6... c6 {[%clk 1:32:39]} 7. Nge2 {[%clk
1:30:32]} 7... b5 {[%clk 1:27:20]} 8. cxb5 {[%clk 1:27:34]} 8... cxb5 {[%clk
1:27:41]} 9. a3 {[%clk 1:27:56]} 9... a6 {[%clk 1:15:31]} 10. g3 {[%clk
1:25:14]} 10... e5 {[%clk 1:07:52]} 11. Bg2 {[%clk 1:24:31]} 11... exd4 {[%clk
1:06:14]} 12. Bxd4 {[%clk 1:19:38]} 12... Bb7 {[%clk 1:02:16]} 13. O-O {[%clk
1:15:48]} 13... Re8 {[%clk 1:02:42]} 14. Re1 {[%clk 1:08:50]} 14... Nc6 {[%clk
1:02:23]} 15. Be3 {[%clk 0:48:37]} 15... Na5 {[%clk 1:01:55]} 16. Bd4 {[%clk
0:45:17]} 16... Nc6 {[%clk 0:57:23]} 17. Be3 {[%clk 0:40:05]} 17... Rc8 {[%clk
0:57:46]} 18. Bf4 {[%clk 0:39:01]} 18... Na5 {[%clk 0:54:33]} 19. Qd3 {[%clk
0:28:15]} 19... Nd7 {[%clk 0:39:19]} 20. Rad1 {[%clk 0:27:43]} 20... Nc4 {[%clk
0:39:28]} 21. Bc1 {[%clk 0:25:47]} 21... Qa5 {[%clk 0:38:00]} 22. Qb1 {[%clk
0:24:49]} 22... b4 {[%clk 0:35:19]} 23. axb4 {[%clk 0:22:42]} 23... Qxb4 {[%clk
0:35:47]} 24. Qc2 {[%clk 0:20:35]} 24... Nc5 {[%clk 0:35:31]} 25. Nd4 {[%clk
0:18:14]} 25... Na5 {[%clk 0:30:30]} 26. Qd2 {[%clk 0:17:26]} 26... Nc4 {[%clk
0:29:19]} 27. Qc2 {[%clk 0:17:27]} 27... Bxd4 {[%clk 0:28:32]} 28. Rxd4 {[%clk
0:17:55]} 28... Nb3 {[%clk 0:28:54]} 29. Rdd1 {[%clk 0:16:27]} 29... Nxc1 {[%clk
0:28:47]} 30. Rxc1 {[%clk 0:16:56]} 30... Qxb2 {[%clk 0:28:04]} 31. Qxb2 {[%clk
0:16:25]} 31... Nxb2 {[%clk 0:28:32]} 32. Rb1 {[%clk 0:16:52]} 32... Nd3 {[%clk
0:26:25]} 33. Re3 {[%clk 0:16:34]} 33... Rxc3 {[%clk 0:25:30]} 34. Rxb7 {[%clk
0:17:03]} 34... Rc1+ {[%clk 0:25:58]} 35. Kh2 {[%clk 0:17:32]} 35... Rd1 {[%clk
0:22:21]} 36. Rf3 {[%clk 0:12:02]} 36... Ne5 {[%clk 0:21:14]} 37. Rc3 {[%clk
0:12:14]} 37... Rd2 {[%clk 0:19:45]} 38. Kg1 {[%clk 0:11:59]} 38... g5 {[%clk
0:19:17]} 39. Rcc7 {[%clk 0:11:08]} 39... Re6 {[%clk 0:19:19]} 40. Rc3 {[%clk
0:06:11]} 40... Rf6 {[%clk 0:18:36]} 41. f3 {[%clk 0:06:40]} 41... h5 {[%clk
0:18:53]} 42. h4 {[%clk 0:03:10]} 42... gxh4 {[%clk 0:18:49]} 43. f4 {[%clk
0:03:29]} 43... Ng4 {[%clk 0:18:47]} 44. Bh3 {[%clk 0:03:09]} 44... Nf2 {[%clk
0:18:41]} 45. Bf5 {[%clk 0:02:21]} 45... h3 {[%clk 0:18:57]} 46. Rc8+ {[%clk
0:00:43]} 46... Kg7 {[%clk 0:19:26]} 47. Rc6 {[%clk 0:00:39]} 47... Re2 {[%clk
0:19:26]} 0-1

[Variant "Standard"]
[Site "Europe Echecs"]